NBA 25-26 Trivia - Statistics

General Stats
  • This quiz has been taken 112 times
    60 since last reset
  • The average score is 18 of 25
Answer Stats
Hint Answer % Correct
This player controversially dropped 83 points... against the Wizards. Bam Adebayo
100%
These two rookies had an absolute battle for Rookie of the Year. Cooper Flagg
88%
Kon Knueppel
88%
How many series in the first round went to a game 7? 3
85%
How many defenders did Anthony Black dunk over? 4
83%
Trae Young finally left Atlanta and went to this abysmal franchise. Washington Wizards
83%
This veteran was cut mid season and ultimately retired. Chris Paul
81%
This player made his early return during March, despite many online doctors advising against it. Jayson Tatum
79%
This player crashed his Hummer in Uptown Charlotte. LaMelo Ball
79%
This classic network returned to broadcasting games. NBC
77%
The NBA confirmed that expansion franchises are being considered for these two cities. Seattle
75%
Las Vegas
71%
This annual event that is usually under fire was surprisingly entertaining this year. All-Star Game
69%
This team was getting blown out by 61 points at one moment in a must-win playoff game. Atlanta Hawks
69%
This was a massive issue among bad teams, and the Jazz and Pacers ultimately got fined for it. Tanking
69%
This veteran player got suspended for 25 games for steroid use. Paul George
65%
Charlotte Hornets
63%
The Mavericks ultimately turned Luka Dončić into this old Bucks veteran. Khris Middleton
63%
These two teams had a massive brawl resulting in four suspensions. Detroit Pistons
60%
This team started 6-21 but ended above .500. Los Angeles Clippers
60%
This streaming service cut out during a crucial part of the Play-In. Amazon Prime
58%
Chauncey Billups
56%
This player and coach both got in trouble for illegal gambling. Terry Rozier
54%
This SF put on a masterclass to take his team to the second round despite losing three important teammates. Jaden McDaniels
46%
This player took a bad fall during the disappointing Dunk Contest. Jase Richardson
35%
No matching quizzes found
Score Distribution
Percent of People with Each Score
Percentile by Number Answered
Your Score History
You have not taken this quiz since the last reset